Estadísticas para 5 Lenguas con más Hablantes Nativos por Continente

Haz click aquí para intentar la prueba.

Estadísticas generales

  • Esta prueba ha sido intentada 108 veces
  • La puntuación promedio es 13 de 23

Estadísticas de respuestas

ContinenteLengua% Correcto
Asia, América del NorteChino Mandarín
99%
América del Norte, América del SurEspañol
99%
Europa, América del Norte, OceaníaInglés
99%
EuropaAlemán
98%
América del SurPortugués
98%
Europe, América del NorteFrancés
96%
EuropaItaliano
91%
EuropaRuso
90%
AsiaJaponés
86%
África, AsiaÁrabe
80%
América del SurQuechua
64%
AsiaHindi
59%
OceaníaHindi Fiyiano
59%
América del SurGuarani
47%
América del NorteCriollo haitiano
34%
AsiaBengalí
24%
América del SurAimara
18%
ÁfricaAmárico
13%
OceaníaMaorí
13%
ÁfricaYoruba
11%
ÁfricaOromo, Igbo, Fula
9%
OceaníaFiyiano
8%
ÁfricaHausa
8%

Distribución de puntuación

Porcentaje por número respondido

Porcentaje de gente con cada puntuación

Historial de tus puntuaciones

No has intentado esta prueba.